000 00866nmm a2200265 a 4500
001 ocm000593347
003 TR-IsHL
005 20201028131432.0
008 131028s2010 tu tur
007 cr cn
020 _a9789754101034
035 _a593347
_b(N$T)
050 0 4 _aDR592.K4
_bK63 2010
090 0 4 _aDR592.K4
_bK63 2010
100 1 _aKocahanoğlu, Osman Selim
245 1 0 _aAtatürk'ün üç muhalifi, 1: Kazım Karabekir
_h[electronic resource] /
_cOsman Selim Kocahanoğlu
250 _a1. bs.
260 _aİstanbul :
_bTemel Yayınları,
_c2010
300 _a642 p.
650 4 _aTarih
650 4 _aHistory
650 0 _aAtatürk, Mustafa Kemal, 1881-1938
650 7 _aHISTORY / Middle East / Turkey & Ottoman Empire
_2bisacsh
856 4 0 _uhttp://search.ebscohost.com/login.aspx?direct=true&scope=site&db=e011xww&AN=593347
999 _c4563
_d4563